00962nam a2200265Ia 450000500170000000800410001702000190005808200150007710000280009224501510012025000200027130000440029150000340033552100120036965000340038165000360041565000430045170000270049470000250052126400270054633600270057333700330060033800280063304000350066120220317000959.0160825s2006 mx a g 000 0 spa  a9789681843401204a660 bF67d1 aFormoso Permuy, Antonio10a2000 procedimientos industriales al alcance de todoscAntonio Formoso Permuy; con la colaboración de Antonio Formoso Prego y Jorge Formoso Prego a13a. edición  a1248 páginas bilustraciones c26 cm  aIncluye índice alfabético aAdultos142LEMBaIngeniería química 142LEMB aProcesos de manufactura 14aFabricación de productos químicos 1 aFormoso Prego, Antonio1 aFormoso Prego, Jorge aMéxicobLimusac2006 atextobtxt2rdacontent asin mediaciónbn2rdamedia avolumenbnc2rdacarrier aCO-BoRNBPbspaerdacCO-BoRNBP